বাংলাদেশের ইতিহাস : (Record no. 12318)
[ view plain ]
| 000 -LEADER | |
|---|---|
| fixed length control field | 00863nam a2200229 a 4500 |
| 001 - CONTROL NUMBER | |
| JCCL Control Number | 12318 |
| 003 - CONTROL NUMBER IDENTIFIER | |
| JCCL marc code | BD-JhCC |
| 005 - DATE AND TIME OF LATEST TRANSACTION | |
| control field | 20211023101304.0 |
| 008 - FIXED-LENGTH DATA ELEMENTS--GENERAL INFORMATION | |
| fixed length control field | 211023s2019 bg |||| |||| 000 0 ben d |
| 020 ## - INTERNATIONAL STANDARD BOOK NUMBER | |
| International Standard Book Number | 9847025403901 |
| 035 ## - SYSTEM CONTROL NUMBER | |
| system control number | (BD-JhCC)12318 |
| 040 ## - CATALOGING SOURCE | |
| Original cataloging agency | BD-JhCC |
| Modifying agency | BD-JhCC |
| 041 ## - LANGUAGE CODE | |
| Language code of Book | ben |
| 082 ## - DEWEY DECIMAL CLASSIFICATION NUMBER | |
| Classification number | 954.92 |
| Author mark and Year | SAL 2019 |
| 100 ## - MAIN ENTRY--PERSONAL NAME | |
| Personal name | ছালাম, আবদুস |
| 245 ## - TITLE STATEMENT | |
| Title | বাংলাদেশের ইতিহাস : |
| Remainder of title | প্রাচীন যুগ-মধ্য যুগ-আধুনিক যুগ / |
| Statement of responsibility, etc | আবদুস ছালাম |
| 260 ## - PUBLICATION, DISTRIBUTION, ETC. (IMPRINT) | |
| Place of publication, distribution, etc | ঢাকা : |
| Name of publisher, distributor, etc | রয়েল পাবলিশার্স, |
| Date of publication, distribution, etc | ২০১৬ । |
| 300 ## - PHYSICAL DESCRIPTION | |
| Pagination | ৭৬৭ পৃ. : |
| Dimensions | ২১ সেমি. |
| 504 ## - BIBLIOGRAPHY, ETC. NOTE | |
| Bibliography, etc | গ্রন্থপঞ্জি অর্ন্তভূক্ত। |
| 650 ## - SUBJECT ADDED ENTRY--TOPICAL TERM | |
| Topical term or geographic name as entry element | History |
| Geographic subdivision | Bangladesh |
| 942 ## - ADDED ENTRY ELEMENTS (KOHA) | |
| Source of classification or shelving scheme | Dewey Decimal Classification |
| Koha item type | Books |
| Source of classification or shelving scheme | Damaged status | Not for loan | Home library | Current library | Shelving location | Date of accession | Cost, normal purchase price | Total Checkouts | Full call number | Barcode | Date last seen | Date checked out | Copy number | Koha item type |
|---|---|---|---|---|---|---|---|---|---|---|---|---|---|---|
| Dewey Decimal Classification | JCC Rouf Library | JCC Rouf Library | General Stacks | 06/07/2021 | 415.00 | 1 | 954.92 SAL 2019 | 16808 | 01/21/2025 | 12/12/2024 | C-1 | Books |